[Event "TUR-chT Superleague 2018"]
[Site "Ankara"]
[Date "2018.07.28"]
[Round "4"]
[White "Can, Emre"]
[Black "Erdogdu, Mert"]
[Result "1-0"]
[WhiteElo "2605"]
[BlackElo "2411"]
[Annotator "ChessBase"]
[PlyCount "53"]
[EventDate "2018.07.25"]
[EventType "team-tourn"]
[EventCountry "TUR"]
[SourceTitle "playchess.com"]
[Source "ChessBase"]
[SourceQuality "1"]
[TimeControl "40/5400+30:1800+30"]

1. d4 {[%emt 0:00:30]} d5 {[%emt 0:01:00]} 2. Nf3 {[%emt 0:00:30]} Nf6 {[%emt 0:00:00]} 3. c4 {[%emt 0:00:00]} dxc4 {[%emt 0:00:00]} 4. e3 {[%emt 0:01:00]} Bg4 {[%emt 0:01:30]} 5. Bxc4 {[%emt 0:00:30]} e6 {[%emt 0:01:30]} 6. Nc3 {[%emt 0:00:30]} Nc6 {[%emt 0:02:30]} 7. Bb5 {[%emt 0:03:30]} Bd6 {[%emt 0:06:30]} 8. e4 {[%emt 0:04:30]} Bb4 {[%emt 0:07:30]} 9. Qa4 {[%emt 0:00:30]} Bxf3 {[%emt 0:06:30]} 10. Bxc6+ {[%emt 0:06:30]} bxc6 {[%emt 0:00:30]} 11. Qxc6+ {[%emt 0:01:30]} Ke7 {[%emt 0:08:30]} 12. gxf3 {[%emt 0:00:30]} Qxd4 {[%emt 0:00:30]} 13. Qxc7+ {[%emt 0:08:30]} Nd7 {[%emt 0:04:30]} 14. Bg5+ {[%emt 0:04:30]} f6 {[%emt 0:01:30]} 15. Rd1 {[%emt 0:00:30]} Bxc3+ {[%emt 0:11:30]} 16. bxc3 {[%emt 0:00:30]} Rhc8 {[%emt 0:00:30]} 17. Qg3 {[%emt 0:09:30]} Qe5 {[%emt 0:26:15]} 18. Bf4 {[%emt 0:00:30]} Qxc3+ {[%emt 0:00:30]} 19. Bd2 {[%emt 0:00:30]} Qc4 {[%emt 0:00:14]} 20. Qxg7+ {[%emt 0:00:30]} Ke8 {[%emt 0:00:03]} 21. Qg8+ {[%emt 0:12:30]} Nf8 {[%emt 0:01:48]} 22. Bh6 {[%emt 0:01:30]} Qb4+ {[%emt 0:00:36]} 23. Kf1 {[%emt 0:00:30]} Rc6 {[%emt 0:07:49]} 24. Rg1 {[%emt 0:02:30]} Rac8 {[%emt 0:01:57]} 25. Rg7 {[%emt 0:01:30]} Qc4+ {[%emt 0:03:56]} 26. Kg2 {[%emt 0:00:30]} e5 {[%emt 0:00:47]} 27. Rd5 {[%emt 0:00:30]} 1-0

[Event "TUR-chT Superleague 2018"]
[Site "Ankara"]
[Date "2018.07.28"]
[Round "4"]
[White "Sanal, Vahap"]
[Black "Yilmaz, Goktan"]
[Result "1-0"]
[WhiteElo "2515"]
[BlackElo "2233"]
[Annotator "RC"]
[PlyCount "93"]
[EventDate "2018.07.25"]
[EventType "team-tourn"]
[EventCountry "TUR"]
[SourceTitle "playchess.com"]
[Source "ChessBase"]
[SourceQuality "1"]
[TimeControl "40/5400+30:1800+30"]

1. e4 {[%emt 0:00:30]} e5 {[%emt 0:01:00]} 2. Nf3 {[%emt 0:00:00]} Nc6 {[%emt 0:00:30]} 3. Bb5 {[%emt 0:00:00]} a6 {[%emt 0:00:30]} 4. Ba4 {[%emt 0:00:30]} Nf6 {[%emt 0:00:00]} 5. O-O {[%emt 0:00:30]} Be7 {[%emt 0:00:00]} 6. Re1 {[%emt 0:00:00]} b5 {[%emt 0:00:30]} 7. Bb3 {[%emt 0:00:00]} d6 {[%emt 0:00:30]} 8. c3 {[%emt 0:00:30]} O-O {[%emt 0:00:30]} 9. h3 {[%emt 0:00:00]} Bb7 {[%emt 0:00:00]} 10. d4 {[%emt 0:00:00]} h6 {[%emt 0:00:00]} 11. a3 {[%emt 0:02:30]} Re8 {[%emt 0:02:30]} 12. Nbd2 {[%emt 0:02:30]} Bf8 {[%emt 0:02:30]} 13. Bc2 {[%emt 0:03:30]} Nb8 {[%emt 0:03:30]} 14. b4 {[%emt 0:01:30]} Nbd7 {[%emt 0:03:30]} 15. Bb2 {[%emt 0:04:30]} c5 {[%emt 0:21:30]} 16. bxc5 {[%emt 0:05:30]} dxc5 {[%emt 0:00:30]} 17. dxe5 {[%emt 0:00:00]} Nxe5 {[%emt 0:03:30]} 18. Nxe5 {[%emt 0:00:00]} Rxe5 {[%emt 0:00:30]} 19. c4 {[%emt 0:00:30]} Re8 {[%emt 0:01:30]} 20. Qe2 {[%emt 0:05:30]} Nd7 {[%emt 0:07:30]} 21. cxb5 {[%emt 0:02:30]} axb5 {[%emt 0:00:30]} 22. Qxb5 {[%emt 0:00:30]} Rb8 {[%emt 0:11:30]} 23. Qd3 {[%emt 0:02:30]} Ba6 {[%emt 0:01:30]} 24. Qc3 {[%emt 0:08:30]} Ne5 {[%emt 0:00:30]} 25. Red1 {[%emt 0:12:30]} Be2 {[%emt 0:04:30]} 26. Nc4 {[%emt 0:13:30]} Bxd1 {[%emt 0:01:30]} 27. Rxd1 {[%emt 0:00:00]} Qc7 {[%emt 0:00:30]} 28. Nxe5 {[%emt 0:01:00]} Rxb2 {[%emt 0:00:30]} 29. Qxb2 {[%emt 0:00:00]} Qxe5 {[%emt 0:00:30]} 30. Qxe5 {[%emt 0:09:00]} Rxe5 {[%emt 0:00:30]} 31. Rd8 {[%emt 0:00:00]} g5 {[%emt 0:03:30]} 32. a4 {[%emt 0:01:00]} c4 {[%emt 0:03:30]} 33. Kf1 {[%emt 0:00:30]} Kg7 {[%emt 0:02:30]} 34. Ke2 {[%emt 0:02:30]} Bc5 {[%emt 0:09:04]} 35. g3 {[%emt 0:02:30]} Bb6 {[%emt 0:02:36]} 36. Rb8 {[%emt 0:03:30]} Bd4 {[%emt 0:03:33]} 37. Rc8 {[%emt 0:01:23]} Rc5 {[%emt 0:01:25]} 38. Rd8 {[%emt 0:00:10]} Bf6 {[%emt 0:03:21]} 39. Rd7 {[%emt 0:00:43]} Rc6 {[%emt 0:03:49]} 40. f4 {[%emt 0:00:00]} Bc3 {[%emt 0:01:42]} 41. e5 {[%emt 0:04:14]} Kf8 {[%emt 0:06:30]} 42. Be4 {[%emt 0:01:30]} Ra6 {[%emt 0:05:30]} 43. Bd5 {[%emt 0:01:30]} Rxa4 {[%emt 0:05:10]} 44. Rxf7+ {[%emt 0:02:30]} Ke8 {[%emt 0:00:06]} 45. e6 {[%emt 0:00:30]} Ra3 {[%emt 0:01:53]} 46. Bc6+ {[%emt 0:00:30]} Kd8 {[%emt 0:00:00]} 47. e7+ {[%emt 0:00:30]} 1-0

[Event "TUR-chT Superleague 2018"]
[Site "Ankara"]
[Date "2018.07.28"]
[Round "4"]
[White "Triapishko, Aleksandr"]
[Black "Tukhaev, Adam"]
[Result "1/2-1/2"]
[WhiteElo "2509"]
[BlackElo "2542"]
[Annotator "ChessBase"]
[PlyCount "65"]
[EventDate "2018.07.25"]
[EventType "team-tourn"]
[EventCountry "TUR"]
[SourceTitle "playchess.com"]
[Source "ChessBase"]
[SourceQuality "1"]
[TimeControl "40/5400+30:1800+30"]

1. e4 {[%emt 0:00:30]} d6 {[%emt 0:01:00]} 2. d4 {[%emt 0:00:30]} Nf6 {[%emt 0:00:00]} 3. Nc3 {[%emt 0:00:30]} g6 {[%emt 0:00:00]} 4. Be3 {[%emt 0:00:30]} Bg7 {[%emt 0:00:30]} 5. Qd2 {[%emt 0:00:30]} Nc6 {[%emt 0:04:30]} 6. h3 {[%emt 0:11:30]} O-O {[%emt 0:10:30]} 7. O-O-O {[%emt 0:10:30]} e5 {[%emt 0:18:30]} 8. dxe5 {[%emt 0:08:30]} dxe5 {[%emt 0:02:30]} 9. Qxd8 {[%emt 0:08:30]} Rxd8 {[%emt 0:00:30]} 10. Rxd8+ {[%emt 0:00:30]} Nxd8 {[%emt 0:00:30]} 11. Nf3 {[%emt 0:00:30]} b6 {[%emt 0:15:30]} 12. Nxe5 {[%emt 0:17:30]} Bb7 {[%emt 0:02:30]} 13. Bd3 {[%emt 0:08:30]} Nxe4 {[%emt 0:02:30]} 14. Bxe4 {[%emt 0:00:30]} Bxe4 {[%emt 0:13:30]} 15. Nxe4 {[%emt 0:00:30]} Bxe5 {[%emt 0:00:00]} 16. Ng5 {[%emt 0:03:30]} Nc6 {[%emt 0:05:00]} 17. Rd1 {[%emt 0:01:30]} Rd8 {[%emt 0:02:01]} 18. c3 {[%emt 0:00:30]} Rxd1+ {[%emt 0:02:00]} 19. Kxd1 {[%emt 0:00:30]} f6 {[%emt 0:04:17]} 20. Ne4 {[%emt 0:03:30]} f5 {[%emt 0:05:31]} 21. Ng5 {[%emt 0:00:30]} Bd6 {[%emt 0:00:21]} 22. Ke2 {[%emt 0:00:30]} h6 {[%emt 0:02:17]} 23. Nf3 {[%emt 0:01:30]} g5 {[%emt 0:00:04]} 24. h4 {[%emt 0:07:42]} g4 {[%emt 0:02:47]} 25. Ne1 {[%emt 0:00:05]} Kg7 {[%emt 0:03:32]} 26. Nd3 {[%emt 0:01:04]} Ne5 {[%emt 0:00:59]} 27. Bd4 {[%emt 0:11:14]} Kf6 {[%emt 0:00:04]} 28. b4 {[%emt 0:00:28]} Ke6 {[%emt 0:00:30]} 29. Nf4+ {[%emt 0:00:30]} Kf7 {[%emt 0:00:00]} 30. Be3 {[%emt 0:00:51]} Ng6 {[%emt 0:01:19]} 31. Nxg6 {[%emt 0:01:03]} Kxg6 {[%emt 0:00:03]} 32. f4 {[%emt 0:00:45]} h5 {[%emt 0:00:55]} 33. g3 {[%emt 0:00:25]} 1/2-1/2

[Event "TUR-chT Superleague 2018"]
[Site "Ankara"]
[Date "2018.07.28"]
[Round "4"]
[White "Yilmazyerli, Mert"]
[Black "Selbes, Tarik"]
[Result "1-0"]
[WhiteElo "2491"]
[BlackElo "2281"]
[Annotator "ChessBase"]
[PlyCount "59"]
[EventDate "2018.07.25"]
[EventType "team-tourn"]
[EventCountry "TUR"]
[SourceTitle "playchess.com"]
[Source "ChessBase"]
[SourceQuality "1"]
[TimeControl "40/5400+30:1800+30"]

1. d4 {[%emt 0:00:30]} Nf6 {[%emt 0:01:00]} 2. Nf3 {[%emt 0:00:00]} g6 {[%emt 0:00:30]} 3. g3 {[%emt 0:00:00]} Bg7 {[%emt 0:00:30]} 4. Bg2 {[%emt 0:00:00]} O-O {[%emt 0:00:30]} 5. O-O {[%emt 0:00:00]} d6 {[%emt 0:00:00]} 6. c4 {[%emt 0:00:30]} Nc6 {[%emt 0:00:00]} 7. Nc3 {[%emt 0:00:30]} a6 {[%emt 0:00:30]} 8. Bf4 {[%emt 0:00:00]} Rb8 {[%emt 0:01:30]} 9. Rc1 {[%emt 0:01:00]} h6 {[%emt 0:01:30]} 10. b3 {[%emt 0:00:30]} Re8 {[%emt 0:03:30]} 11. d5 {[%emt 0:03:30]} e5 {[%emt 0:00:30]} 12. dxc6 {[%emt 0:02:30]} exf4 {[%emt 0:00:30]} 13. cxb7 {[%emt 0:00:30]} Bxb7 {[%emt 0:00:30]} 14. gxf4 {[%emt 0:00:00]} Ne4 {[%emt 0:16:30]} 15. Nxe4 {[%emt 0:01:00]} Bxe4 {[%emt 0:00:30]} 16. Qd2 {[%emt 0:00:30]} Qf6 {[%emt 0:04:30]} 17. e3 {[%emt 0:13:30]} g5 {[%emt 0:04:30]} 18. fxg5 {[%emt 0:07:30]} hxg5 {[%emt 0:01:30]} 19. Nd4 {[%emt 0:06:30]} Bxg2 {[%emt 0:23:30]} 20. Kxg2 {[%emt 0:01:30]} g4 {[%emt 0:08:30]} 21. Rg1 {[%emt 0:14:30]} Re4 {[%emt 0:10:30]} 22. Kh1 {[%emt 0:13:30]} Rbe8 {[%emt 0:02:15]} 23. Rg2 {[%emt 0:03:30]} R8e5 {[%emt 0:05:52]} 24. Rcg1 {[%emt 0:00:30]} Rh5 {[%emt 0:03:22]} 25. f4 {[%emt 0:03:30]} gxf3 {[%emt 0:10:19]} 26. Rxg7+ {[%emt 0:00:30]} Kf8 {[%emt 0:00:00]} 27. Rg8+ {[%emt 0:07:30]} Ke7 {[%emt 0:00:00]} 28. R8g3 {[%emt 0:01:06]} f2 {[%emt 0:00:39]} 29. Rf1 {[%emt 0:00:05]} Qh4 {[%emt 0:01:00]} 30. Qxf2 {[%emt 0:00:44]} 1-0

[Event "TUR-chT Superleague 2018"]
[Site "Ankara"]
[Date "2018.07.28"]
[Round "4"]
[White "Esen, Baris"]
[Black "Sel, Sedat"]
[Result "1-0"]
[WhiteElo "2487"]
[BlackElo "1689"]
[Annotator "TA"]
[PlyCount "91"]
[EventDate "2018.07.25"]
[EventType "team-tourn"]
[EventCountry "TUR"]
[SourceTitle "playchess.com"]
[Source "ChessBase"]
[SourceQuality "1"]

{[%evp 9,91,67,264,266,266,257,375,419,392,200,200,206,199,185,184,177,181,182,183,174,182,163,162,155,186,136,136,132,121,136,132,122,136,130,139,134,141,140,133,116,183,183,180,177,177,149,160,145,138,133,208,182,335,258,427,412,561,558,602,593,2736,852,2017,828,2818,2682,29979,522,29980,29981,29981,29982,29981,29982,29985,29986,29986,29987,29987,29988,29988,29989,29989,29987]} 1. d4 Nf6 2. Nf3 d5 3. c4 Bg4 4. Ne5 Bf5 5. cxd5 Qxd5 $146 (5... Bxb1 $14 6. Qa4+ (6. Rxb1 Qxd5 7. e3 e6 $14) 6... Nbd7) ({Predecessor:} 5... Nxd5 6. Qb3 b6 7. e4 f6 8. Bb5+ c6 9. Nxc6 Nxc6 10. Bxc6+ Bd7 11. Bxd5 Qc7 12. O-O Rc8 13. Nc3 g5 14. f4 h6 15. Bg8 Bc6 16. Qf7+ Kd7 17. Be3 {1-0 (17) Schwarte,J (2219)-Swahnberg,L (2355) ICCF email 2009}) 6. Nc3 $18 {D02: 1 d4 d5 2 Nf3 sidelines, including 2...Nf6 3 g3 and 2...Nf6 3 Bf4} Qa5 7. Qb3 e6 (7... Nbd7 {is a better defense.} 8. Qxf7+ (8. Nxf7 Bc2 $18) 8... Kd8) 8. Qxb7 {White is winning.} Be4 {[#]} 9. Qb5+ (9. d5 $142 $1 {[%mdl 512]} Bxd5 10. Qc8+ Ke7 11. Bg5) 9... Qxb5 10. Nxb5 Bd6 11. f3 Bc6 12. e4 {[%cal Be2e4,Be4e5][%mdl 32]} a6 13. Nxd6+ cxd6 14. Nc4 d5 15. Nd6+ Ke7 {[%cal Rd5e4]} 16. e5 Ne8 17. b3 Nxd6 18. Ba3 ({Don't do} 18. exd6+ Kxd6 19. a4 Kd7 $14) 18... Bb5 19. Bxd6+ Kd7 20. Bc5 Rc8 21. Kd2 Bxf1 22. Rhxf1 a5 23. Rfc1 Na6 24. Bd6 Nc7 (24... Nb4 $16 25. h3 Nc6) 25. Bxc7 Rxc7 26. Rxc7+ Kxc7 {[%mdl 4096] Endgame KR-KR} 27. Rc1+ Kb6 28. f4 a4 29. b4 {[%cal Bb3b4,Bb4b5][%mdl 32]} a3 (29... f6 $16 {keeps fighting.} 30. exf6 gxf6) 30. Rc5 Ra7 $2 (30... h5 31. f5 g6) 31. Kc3 g6 $2 (31... f6 {was worth a try.} 32. Rc8 fxe5 33. fxe5 (33. dxe5 Rf7 $16) 33... Rf7) 32. Kb3 Ra8 33. b5 h6 34. Kb4 Ra7 35. Rc6+ Kb7 36. Rc3 (36. b6 $142 Ra8 37. Kb5) 36... Kb6 37. Rxa3 Rc7 38. Ra6+ Kb7 {[#]} 39. Rc6 $1 {White mates.} Rxc6 40. bxc6+ Kxc6 {KP-KP} 41. a4 {[%cal Ba2a4,Ba4a5][%mdl 32]} Kb6 42. a5+ Ka6 43. Ka4 g5 44. fxg5 hxg5 45. h3 Kb7 46. g3 {Precision: White = 71%, Black = 40%.} 1-0

[Event "TUR-chT Superleague 2018"]
[Site "Ankara"]
[Date "2018.07.28"]
[Round "4"]
[White "Kanmazalp, Ogulcan"]
[Black "Baryshpolets, Andrey"]
[Result "0-1"]
[WhiteElo "2481"]
[BlackElo "2520"]
[Annotator "TA"]
[PlyCount "63"]
[EventDate "2018.07.25"]
[EventType "team-tourn"]
[EventCountry "TUR"]
[SourceTitle "playchess.com"]
[Source "ChessBase"]
[SourceQuality "1"]

{[%evp 26,63,59,58,52,49,57,50,47,58,56,45,47,60,54,54,64,56,57,36,56,39,62,0,97,116,131,88,79,26,59,29,39,50,51,50,102,12,42,-351]} 1. e4 e6 2. d4 d5 3. Nd2 Be7 4. Ngf3 Nf6 {[%cal Bg8f6,Bf6d7,Bd7e5][%mdl 32]} 5. e5 Nfd7 6. Bd3 c5 7. c3 Nc6 8. O-O g5 9. dxc5 g4 10. Nd4 {C06: French Tarrasch: 3...Nf6 4 e5 Nfd7 5 Bd3 main lines} Ndxe5 (10... Ncxe5 11. N2b3 Nxc5 12. Bc2 h5 13. Qe2 Nc6 14. Bf4 Nxb3 15. Nxc6 bxc6 16. axb3 Bd6 17. Bxd6 Qxd6 {1-0 (61) Safarli,E (2691)-Fodor,T (2494) London 2016}) 11. Bb5 Bd7 12. N2b3 h5 13. Re1 Nxd4 14. Nxd4 {LiveBook: 7 Games} Bxb5 15. Rxe5 Bd7 {[#]} 16. Qe2 $146 ({Predecessor:} 16. b4 Bf6 17. Re1 Qc7 {½-½ (17) Emms,J (2514)-Lalic,B (2501) Southend 2001}) 16... Qc8 17. b4 f6 $1 {[%cal Rf6e5]} 18. Rxe6 $1 Bxe6 19. Nxe6 {And now c4 would win.} Kf7 20. Nd4 {[%mdl 1024] White has compensation.} Qd7 21. Qd3 Rae8 {next ...Bxc5! is good for Black.} 22. Be3 h4 23. Rd1 Rh5 24. Ne2 (24. Bf4 $14) 24... Rd8 {[#]} (24... Qf5 $11 {remains equal.}) 25. Nf4 $1 $16 Rf5 26. c4 {[%cal Rc4d5]} d4 27. Bxd4 (27. Qc2 $16) 27... Bf8 ({But not} 27... Rxf4 $6 28. Qh7+ Kf8 29. Qh6+ Kf7 30. Qxf4 $18) 28. Nd5 Rxd5 $1 29. cxd5 Qxd5 30. Rd2 h3 (30... Qe6 $14 31. Qb1 f5) 31. f3 (31. gxh3 $16 {Qh7+ is the strong threat.} gxh3 32. f4) 31... Bg7 {[#] Strongly threatening ...f5.} 32. Qe2 $2 {[%mdl 8192] Precision: White = 45%, Black = 49%.} (32. Qe3 $14 {stays ahead.} Qc4 33. Bc3 (33. fxg4 Bh6 $11) 33... Rxd2 34. Qxd2) 0-1

[Event "TUR-chT Superleague 2018"]
[Site "Ankara"]
[Date "2018.07.28"]
[Round "4"]
[White "Asadli, Vugar"]
[Black "Kevlishvili, Robby"]
[Result "0-1"]
[WhiteElo "2478"]
[BlackElo "2502"]
[Annotator "ChessBase"]
[PlyCount "66"]
[EventDate "2018.07.25"]
[EventType "team-tourn"]
[EventCountry "TUR"]
[SourceTitle "playchess.com"]
[Source "ChessBase"]
[SourceQuality "1"]
[TimeControl "40/5400+30:1800+30"]

1. e4 {[%emt 0:00:30]} c5 {[%emt 0:01:00]} 2. Nf3 {[%emt 0:00:30]} d6 {[%emt 0:00:30]} 3. d4 {[%emt 0:00:30]} cxd4 {[%emt 0:00:30]} 4. Nxd4 {[%emt 0:00:30]} Nf6 {[%emt 0:00:30]} 5. Nc3 {[%emt 0:00:30]} a6 {[%emt 0:00:00]} 6. h3 {[%emt 0:00:00]} g6 {[%emt 0:00:00]} 7. g4 {[%emt 0:00:00]} Bg7 {[%emt 0:00:30]} 8. Bg2 {[%emt 0:00:00]} h5 {[%emt 0:00:30]} 9. g5 {[%emt 0:00:00]} Nfd7 {[%emt 0:00:30]} 10. a4 {[%emt 0:00:00]} Nc6 {[%emt 0:02:30]} 11. Nde2 {[%emt 0:00:00]} Rb8 {[%emt 0:03:30]} 12. f4 {[%emt 0:05:30]} O-O {[%emt 0:05:30]} 13. O-O {[%emt 0:02:30]} b5 {[%emt 0:02:30]} 14. axb5 {[%emt 0:01:30]} axb5 {[%emt 0:00:30]} 15. f5 {[%emt 0:00:30]} Nce5 {[%emt 0:23:30]} 16. Nf4 {[%emt 0:05:30]} Nb6 {[%emt 0:07:30]} 17. Nce2 {[%emt 0:18:30]} Kh7 {[%emt 0:17:30]} 18. Nd4 {[%emt 0:06:30]} Rh8 {[%emt 0:00:30]} 19. b3 {[%emt 0:04:30]} Bd7 {[%emt 0:04:30]} 20. Be3 {[%emt 0:00:30]} Qc7 {[%emt 0:03:30]} 21. Ra6 {[%emt 0:10:30]} Qb7 {[%emt 0:06:21]} 22. fxg6+ {[%emt 0:06:30]} fxg6 {[%emt 0:00:06]} 23. Nxg6 {[%emt 0:05:30]} Kxg6 {[%emt 0:07:55]} 24. Nf5 {[%emt 0:09:30]} Nc8 {[%emt 0:00:12]} 25. Nxe7+ {[%emt 0:05:10]} Nxe7 {[%emt 0:00:07]} 26. Qxd6+ {[%emt 0:00:57]} Kh7 {[%emt 0:00:05]} 27. Rf6 {[%emt 0:04:19]} Bxf6 {[%emt 0:04:33]} 28. gxf6 {[%emt 0:00:16]} N7g6 {[%emt 0:00:50]} 29. f7 {[%emt 0:00:42]} Rbd8 {[%emt 0:04:21]} 30. Qf6 {[%emt 0:00:48]} Rhf8 {[%emt 0:00:28]} 31. Qg5 {[%emt 0:00:35]} Rxf7 {[%emt 0:01:30]} 32. Qxh5+ {[%emt 0:00:30]} Kg8 {[%emt 0:00:30]} 33. Rb6 {[%emt 0:00:00]} Qc7 {[%emt 0:00:00]} 0-1

[Event "TUR-chT Superleague 2018"]
[Site "Ankara"]
[Date "2018.07.28"]
[Round "4"]
[White "Mammadzada, Gunay"]
[Black "Badelka, Olga"]
[Result "1-0"]
[WhiteElo "2426"]
[BlackElo "2407"]
[Annotator "NA"]
[PlyCount "155"]
[EventDate "2018.07.25"]
[EventType "team-tourn"]
[EventCountry "TUR"]
[SourceTitle "playchess.com"]
[Source "ChessBase"]
[SourceQuality "1"]
[TimeControl "40/5400+30:1800+30"]

1. e4 c5 2. Nf3 Nc6 3. d4 cxd4 4. Nxd4 e5 5. Nb5 d6 6. c4 Be7 7. N1c3 a6 8. Na3 f5 9. exf5 Bxf5 10. Bd3 Be6 11. O-O Nf6 12. Bg5 O-O 13. Nc2 Ng4 14. Bd2 Bg5 15. Ne4 Bxd2 16. Qxd2 Bf5 17. f3 Bxe4 18. Bxe4 Nf6 19. b3 Qb6+ 20. Kh1 Rad8 21. Rad1 g6 22. Rfe1 Kg7 23. Re2 Ne7 24. Qe1 Qc7 25. Bd3 Nc6 26. Rc1 Qb6 27. Ne3 Nd4 28. Rd2 Qa5 29. Nc2 Nc6 30. Rcd1 d5 31. cxd5 Rxd5 32. Ne3 Rd4 33. Nc4 Qd5 34. Be4 Nxe4 35. Rxd4 exd4 36. fxe4 Qe6 37. h3 b5 38. Nd2 Ne5 39. Nf1 Qf6 40. Nh2 Rd8 41. Qf1 d3 42. Kg1 Qc6 43. Qf4 Qc5+ 44. Qf2 Qc2 45. Rf1 Qxf2+ 46. Kxf2 Rc8 47. Ke3 Rc2 48. Rf2 Nc6 49. Rd2 {[%emt 2:23:04]} Kf6 {[%emt 2:24:24]} 50. Nf3 {[%emt 0:00:30]} Rc3 {[%emt 0:00:30]} 51. Ne1 {[%emt 0:00:30]} Nb4 {[%emt 0:00:30]} 52. Nxd3 {[%emt 0:00:30]} Nxd3 {[%emt 0:00:30]} 53. Rxd3 {[%emt 0:00:30]} Rc6 {[%emt 0:00:30]} 54. h4 {[%emt 0:00:30]} Ke6 {[%emt 0:00:30]} 55. g3 {[%emt 0:00:30]} Rc2 {[%emt 0:00:30]} 56. a3 {[%emt 0:00:30]} Ke5 {[%emt 0:00:30]} 57. Rd5+ {[%emt 0:00:30]} Ke6 {[%emt 0:00:30]} 58. Rd2 {[%emt 0:00:30]} Rc1 {[%emt 0:00:30]} 59. Rd3 {[%emt 0:00:30]} Ke5 {[%emt 0:00:30]} 60. Rd5+ {[%emt 0:00:30]} Ke6 {[%emt 0:00:30]} 61. a4 {[%emt 0:00:30]} Rb1 {[%emt 0:00:30]} 62. Rd3 {[%emt 0:00:30]} bxa4 {[%emt 0:00:30]} 63. bxa4 {[%emt 0:00:30]} Ra1 {[%emt 0:00:30]} 64. Rd4 {[%emt 0:00:30]} h6 {[%emt 0:00:30]} 65. Kf4 {[%emt 0:00:30]} Rf1+ {[%emt 0:00:30]} 66. Kg4 {[%emt 0:00:30]} Ra1 {[%emt 0:00:30]} 67. Rb4 {[%emt 0:00:30]} Ke5 {[%emt 0:00:30]} 68. Rb6 {[%emt 0:00:07]} h5+ {[%emt 0:00:33]} 69. Kg5 {[%emt 0:00:06]} Rxa4 {[%emt 0:00:27]} 70. Rxg6 {[%emt 0:00:06]} Rxe4 {[%emt 0:00:21]} 71. Kxh5 {[%emt 0:00:13]} Ra4 {[%emt 0:00:43]} 72. g4 {[%emt 0:00:04]} Kf4 {[%emt 0:00:19]} 73. Rc6 {[%emt 0:00:34]} a5 {[%emt 0:00:38]} 74. g5 {[%emt 0:00:10]} Ra1 {[%emt 0:00:32]} 75. g6 {[%emt 0:00:15]} Kf5 {[%emt 0:00:29]} 76. Kh6 {[%emt 0:00:14]} a4 {[%emt 0:00:25]} 77. g7 {[%emt 0:00:18]} Rg1 {[%emt 0:00:04]} 78. Kh7 {[%emt 0:00:34]} 1-0

[Event "TUR-chT Superleague 2018"]
[Site "Ankara"]
[Date "2018.07.28"]
[Round "4"]
[White "Nechaeva, Marina"]
[Black "Unuk, Laura"]
[Result "1/2-1/2"]
[WhiteElo "2410"]
[BlackElo "2355"]
[Annotator "NA RC"]
[PlyCount "115"]
[EventDate "2018.07.25"]
[EventType "team-tourn"]
[EventCountry "TUR"]
[SourceTitle "playchess.com"]
[Source "ChessBase"]
[SourceQuality "1"]
[TimeControl "40/5400+30:1800+30"]

1. d4 {[%emt 0:00:30]} Nf6 {[%emt 0:01:00]} 2. c4 {[%emt 0:00:30]} e6 {[%emt 0:00:30]} 3. Nc3 {[%emt 0:00:00]} Bb4 {[%emt 0:00:30]} 4. Qc2 {[%emt 0:00:00]} d5 {[%emt 0:00:30]} 5. cxd5 {[%emt 0:00:00]} exd5 {[%emt 0:00:00]} 6. Bg5 {[%emt 0:00:00]} h6 {[%emt 0:00:00]} 7. Bh4 {[%emt 0:00:00]} O-O {[%emt 0:01:30]} 8. e3 {[%emt 0:00:00]} Be6 {[%emt 0:00:00]} 9. a3 {[%emt 0:06:30]} Be7 {[%emt 0:01:00]} 10. Bd3 {[%emt 0:01:30]} c5 {[%emt 0:03:30]} 11. Nf3 {[%emt 0:11:30]} Nc6 {[%emt 0:07:30]} 12. dxc5 {[%emt 0:08:30]} d4 {[%emt 0:07:30]} 13. Bxf6 {[%emt 0:01:30]} Bxf6 {[%emt 0:01:30]} 14. Ne4 {[%emt 0:00:00]} dxe3 {[%emt 0:01:30]} 15. Nxf6+ {[%emt 0:03:00]} Qxf6 {[%emt 0:00:00]} 16. fxe3 {[%emt 0:16:30]} Ne5 {[%emt 0:01:00]} 17. O-O {[%emt 0:01:30]} Nxd3 {[%emt 0:05:30]} 18. Qxd3 {[%emt 0:00:00]} Rad8 {[%emt 0:02:30]} 19. Nd4 {[%emt 0:01:00]} Qe5 {[%emt 0:01:30]} 20. b4 {[%emt 0:01:30]} Bd5 {[%emt 0:08:30]} 21. Rad1 {[%emt 0:06:30]} Be4 {[%emt 0:04:30]} 22. Qe2 {[%emt 0:00:30]} Rde8 {[%emt 0:02:30]} 23. Qf2 {[%emt 0:05:30]} f5 {[%emt 0:03:30]} 24. Nb5 {[%emt 0:03:30]} Re6 {[%emt 0:07:30]} 25. Rd6 {[%emt 0:11:30]} Rff6 {[%emt 0:06:30]} 26. Rxe6 {[%emt 0:02:44]} Qxe6 {[%emt 0:02:30]} 27. Nd6 {[%emt 0:04:10]} Bc6 {[%emt 0:02:30]} 28. Qd2 {[%emt 0:02:11]} b6 {[%emt 0:12:07]} 29. Rf2 {[%emt 0:02:38]} bxc5 {[%emt 0:00:46]} 30. bxc5 {[%emt 0:00:02]} Kh8 {[%emt 0:01:33]} 31. Qd3 {[%emt 0:03:30]} Qe5 {[%emt 0:02:18]} 32. Qd4 {[%emt 0:00:15]} Qe6 {[%emt 0:00:02]} 33. h3 {[%emt 0:01:23]} Qb3 {[%emt 0:03:34]} 34. Qe5 {[%emt 0:02:02]} Re6 {[%emt 0:03:30]} 35. Qxf5 {[%emt 0:00:51]} Qxe3 {[%emt 0:00:09]} 36. Qf8+ {[%emt 0:02:31]} Kh7 {[%emt 0:00:04]} 37. Nf5 {[%emt 0:02:04]} Qc1+ {[%emt 0:03:06]} 38. Kh2 {[%emt 0:00:24]} Qc3 {[%emt 0:02:08]} 39. Nh4 {[%emt 0:02:12]} Qe5+ {[%emt 0:00:47]} 40. Kg1 {[%emt 0:00:00]} Qe1+ {[%emt 0:03:26]} 41. Kh2 {[%emt 0:01:03]} Qe5+ {[%emt 0:02:30]} 42. Kg1 {[%emt 0:00:30]} Be4 {[%emt 0:13:24]} 43. Nf5 {[%emt 0:06:30]} Rg6 {[%emt 0:03:38]} 44. Nd6 {[%emt 0:08:10]} Bxg2 {[%emt 0:06:06]} 45. Qh8+ {[%emt 0:00:30]} Kxh8 {[%emt 0:00:30]} 46. Nf7+ {[%emt 0:00:30]} Kg8 {[%emt 0:00:00]} 47. Nxe5 {[%emt 0:00:00]} Re6 {[%emt 0:00:23]} 48. Kxg2 {[%emt 0:00:43]} Rxe5 {[%emt 0:00:30]} 49. Rc2 {[%emt 0:00:00]} Re7 {[%emt 0:00:18]} 50. Kf3 {[%emt 0:04:29]} Kf7 {[%emt 0:00:35]} 51. Rc4 {[%emt 0:00:37]} Rc7 {[%emt 0:03:02]} 52. Ke4 {[%emt 0:00:13]} Ke6 {[%emt 0:00:00]} 53. h4 {[%emt 0:06:36]} g5 {[%emt 0:01:38]} 54. hxg5 {[%emt 0:00:30]} hxg5 {[%emt 0:00:00]} 55. Ra4 {[%emt 0:00:00]} Rxc5 {[%emt 0:01:15]} 56. Ra6+ {[%emt 0:00:19]} Kd7 {[%emt 0:00:30]} 57. Rxa7+ {[%emt 0:00:00]} Kc6 {[%emt 0:00:00]} 58. Rg7 {[%emt 0:00:00]} 1/2-1/2